000 02352nam0a2200349 4500
001 RU\NLR\BIBL_A\012173699
005 20200122103710.0
010 _a978-5-7964-2136-9
_930
021 _aRU
_bКН-П-19-091199
_9КН-П-19-6652
035 _a(NLR Aleph) 012173699
035 _a(RuMoRGB)010178237
090 _a12253009
_c12253009
100 _a20191226d2019 u y0rusy50 ca
101 0 _arus
102 _aRU
105 _aa|||zzzz000zy
200 1 _aВосстановление и повышение несущей способности эксплуатируемых строительных конструкций
_eучебно-методическое пособие
_fМ. В. Яковлева, О. Н. Коткова, В. С. Широков
_gМинистерство науки и высшего образования Российской Федерации "Самарский государственный технический университет", Кафедра "Стоимостной инжиниринг и техническая экспертиза зданий и сооружений"
210 _aСамара
_cСамарский государственный технический университет
_d2019
215 _a200 с.
_cил., табл.
_d20
320 _aБиблиогр.: с. 170-171 (21 назв.)
606 1 _aСтроительные конструкции
_xНесущая способность
_jУчебно-методические пособия для высших учебных заведений
_2nlr_sh2
_3RU\NLR\AUTH\6601667299
606 1 _aСтроительные конструкции
_xВосстановление
_jУчебно-методические пособия для высших учебных заведений
_2nlr_sh1
_2nlr_sh2
_3RU\NLR\AUTH\661056657
686 1 _aН683.8я73-1
686 1 _aН5-028.011я73-1
700 1 _aЯковлева
_bМ. В.
_cпреподаватель, строительство
_gМаргарита Викторовна
_3RU\NLR\AUTH\77116676
701 1 _aКоткова
_bО. Н.
_gОльга Николаевна
701 1 _aШироков
_bВ. С.
_gВячеслав Сергеевич
942 _cBOOK
980 _aNBR
980 _aNB